Top 15 most streamed Juice Wrld songs - Statistics

General Stats
  • This quiz has been taken 362 times
  • The average score is 9 of 15
Answer Stats
Rank Streams Songs % Correct
1. 2,535,601,765 Lucid Dreams
99%
2. 1,603,897,999 All Girls Are The Same
90%
3. 1,300,627,742 Robbery
85%
6. 896,752,530 Wishing Well
71%
5. 921,699,019 Bandit
66%
8. 783,193,837 Armed And Dangerous
63%
4. 954,560,789 Come & Go
59%
7. 874,932,901 Lean Wit Me
58%
10. 620,455,246 Wasted
57%
14. 491,473,591 Empty
51%
12. 512,637,088 Black & White
50%
9. 678,594,954 Legends
49%
11. 551,726,706 Righteous
39%
13. 498,696,654 Let Me Know
32%
15. 478,478,671 Hide
12%
No matching quizzes found
Score Distribution
Percent of People with Each Score
Percentile by Number Answered
Your Score History
You have not taken this quiz